Statistiques concernant Culture Générale - Série 1154

Cliquez ici pour prendre le quiz!

Statistiques générales

  • Ce quiz a été pris 55 fois
  • Le résultat moyen est 7 sur 10

Statistiques - réponses

QuestionRéponse% Correct
Quel organe peut être globuleux, de verre, bridé ou en amande ?oeil
100%
Dans le langage populaire, quel professionnel appelle-t-on parfois un poulet ?policier
98%
Quel mathématicien grec a donné son nom au théorème suivant : "Dans un triangle rectangle, le carré de la longueur de l’hypoténuse est égal à la somme des carrés des deux autres côtés" ?Pythagore
94%
Dans quel sport s'est illustré l'américain Pete Sampras ?tennis
85%
Quelle actrice américaine joue aux côtés de son père, Henri, dans le film : "La Maison du lac", sorti en 1982 ?Jane Fonda
66%
Dans quel département français se situe la ville de Carpentras ?Vaucluse
64%
Quel champion de tennis des années 1970 a remporté 6 fois les internationaux de France de Roland-Garros en simple messieurs ?Björn Borg
55%
Quel chien de combat tire son nom des mots anglais signifiant : "arène" et "taureau" ?pitbull
49%
Quel nom arabe, signifiant versets, porte les chapitres du Coran ?sourate
45%
Conjuguez le verbe "plaindre", à la première personne du singulier, du plus-que-parfait de l'indicatif.J'avais plaint
42%

Distribution des résultats

Percentile par nombre de réponses

% des personnes avec chaque résultat

Votre développement - résultats

Vous n’avez pas pris ce quiz